|
|
|
|
| LEADER |
00686nab a2200193 i 4500 |
| 001 |
publ21900 |
| 005 |
20210714113147.0 |
| 008 |
210714s2021 hu o 0|| zxx d |
| 022 |
|
|
|a 1788-7593
|
| 024 |
7 |
|
|a 10.14232/jtgf.2021.1-2.19-31
|2 doi
|
| 024 |
7 |
|
|a 32102000
|2 mtmt
|
| 040 |
|
|
|a SZTE Publicatio Repozitórium
|b hun
|
| 041 |
|
|
|a zxx
|
| 100 |
1 |
|
|a Mihalkó József
|
| 245 |
1 |
2 |
|a A párizsi-fogyasztási és -vásárlási szokások felmérése
|h [elektronikus dokumentum] /
|c Mihalkó József
|
| 260 |
|
|
|c 2021
|
| 300 |
|
|
|a 19-31
|
| 490 |
0 |
|
|a JELENKORI TÁRSADALMI ÉS GAZDASÁGI FOLYAMATOK
|v 16 No. 1-2
|
| 856 |
4 |
0 |
|u http://publicatio.bibl.u-szeged.hu/21900/1/Jelenkori-MJ.pdf
|z Dokumentum-elérés
|